Biochemistry for Bsc Nursing students (Record no. 524762)

MARC details
000 -LEADER
fixed length control field 00359pam a2200157a 44500
008 - FIXED-LENGTH DATA ELEMENTS--GENERAL INFORMATION
fixed length control field 230515b2006 xxu||||| |||| 00| 0 eng d
020 ## - INTERNATIONAL STANDARD BOOK NUMBER
International Standard Book Number NULL
041 ## - LANGUAGE CODE
Language code of text/sound track or separate title ENG
082 ## - DEWEY DECIMAL CLASSIFICATION NUMBER
Classification number 612.15
100 ## - MAIN ENTRY--PERSONAL NAME
Personal name Harbanslal
245 ## - TITLE STATEMENT
Title Biochemistry for Bsc Nursing students
250 ## - EDITION STATEMENT
Edition statement NULL
260 ## - PUBLICATION, DISTRIBUTION, ETC.
Place of publication, distribution, etc. NULL
Name of publisher, distributor, etc. "C B S, nd, "
Date of publication, distribution, etc. 2006
300 ## - PHYSICAL DESCRIPTION
Extent 272
650 ## - SUBJECT ADDED ENTRY--TOPICAL TERM
Topical term or geographic name entry element N.D.
Holdings
Withdrawn status Lost status Damaged status Not for loan Home library Current library Shelving location Date acquired Source of acquisition Cost, normal purchase price Total Checkouts Full call number Barcode Date last seen Date last checked out Price effective from Koha item type
        College of Nursing, Pune College of Nursing, Pune   22/09/2006 "INTER, Bophal, " 220.00 5 612.15 NCP-GN-505 17/06/2026 11/06/2026 28/06/2023 Book